000 00604nam a2200193 i 4500
001 25169
003 ES-MaACL
005 20230906153214.0
007 t|
008 021220s1946 sp ||||1| spa d
100 1 _aArce, Guillermo (
_d1901-1970)
_9168436
245 1 0 _aTranstornos nutritivos del lactante /
_cG. Arce.
260 _aSantander :
_bAldus,
_c1946.
300 _a217 p. ;
_c24 cm.
490 1 _aPublicaciones de los servicios de pediatrĂ­a ;
_v2
830 0 _aPublicaciones de los servicios de pediatrĂ­a ;
_v2
_9180959
852 _aES-MaACL
_jE-785
_bR.22105
999 _c25169
_d25169